000 01648cam a22001814a 4500
005 20250605164356.0
008 250528s ||||||||||||||||||||||||d
035 _a24335
040 _aGR-AtMCL
_bgre
_dGR-AtMCL
_eAACR2
245 1 _aΥπόμνημα των Επιμελητηρίων στους Πολιτικούς Αρχηγούς για την Πορεία της Ελληνικής Οικονομίας
260 _bΕμπορικό Και Βιομηχανικό Επιμελητήριο Αθηνών,
_c2020
300 _a64
520 _aΤη Μείωση ΕΝ.Φ.Ι.Α. για τα Ακίνητα των Επιχειρήσεων Ζητά ο Πρόεδρος του Ε.Β.Ε.Α., Συνάντηση Αντιπροσωπείας ΣΥ.ΡΙΖ.Α. με τον Πρόεδρο του Ε.Β.Ε.Α., Πρόεδρος Ε.Β.Ε.Α.: Τέστ για τον Κορονοϊό χωρίς Κμία Επιβάρυνση των Ασφαλισμένων, OrGAniZing accELaration for High-Potential Innovative SMEs GAZELLE, Φοροελαφρύνσεις Κόντρα την Πανδημία, ΕΣ.Π.Α. 2014-2020: Ανεβάζει Ταχύτητα η Απορροφητικότητα Πόρων, myKEPLive: Εξυπηρέτηση από τα Κ.Ε.Π. και με Βιντεοκλήση, Γ.Σ.Ε.Β.Ε.Ε.: Η Βασίλισσα Αμείβεται Λιγότερο από τον Πριγκιπικό Σύζυγο, Οι Αλλαγές στον Ενεργειακό Χάρτη της Ελλάδας και των Βαλκανίων.
700 1 _aΜίχαλος Κωνσταντίνος
_94319
942 _cCR
999 _c9224
_d9224